| 000 | 00588nam a22002057a 4500 | ||
|---|---|---|---|
| 005 | 20150515064706.0 | ||
| 008 | 101007s2011 nyuao f 001 0 eng | ||
| 020 | _a9780073383842 | ||
| 041 | 0 | _aeng | |
| 080 | _a82.085 | ||
| 100 | 1 |
_aCrusius, Timothy W., _d1950- |
|
| 245 | 1 | 4 |
_aThe aims of argument : _cTimothy W. Crusius, Carolyn E. Channell. |
| 250 | _a7th ed. | ||
| 260 |
_aNew York, NY : _bMcGraw-Hill, _c2011. |
||
| 300 |
_a352 f. : _bme il.; _c24 cm. |
||
| 505 | _aIndex: f. 348 - 352 | ||
| 650 | 0 | _aRetorika | |
| 700 | 1 | _aChannell, Carolyn E. | |
| 942 |
_2udc _cBK |
||
| 999 |
_c773 _d773 |
||